000 00471nam a22001817a 4500
005 20251021155856.0
008 251021b |||||||| |||| 00| 0 eng d
040 _aMAIN
082 _a338.10954
_bS81A
100 _aSushma
245 _aAnalysis of agriculture subsidy in Haryana
260 _bDepartment of Economics, M D University, Rohtak
_c2024
300 _axiv, 214
650 _aEconomics
650 _aAgriculture
700 _aRajesh Kumar
942 _cTH
999 _c393600
_d393600